000 00195 a2200097 4500
001 2629
100 _aCalmel, J,
245 _aNight pilot
260 _a
_bWilliam kimber
_c
090 _c1926
_d1926
942 _aNUST-CAE
_cM
_c10291
999 _c237702
_d237702